Los dominios perdidos / J. Teillier ; selec. de Erwin Díaz ; presen. de E. Llanos Melussa.

I tiakina i:
Ngā taipitopito rārangi puna kōrero
Kaituhi matua: Teillier, Jorge (autor)
Ētahi atu kaituhi: Llanos Melussa, Eduardo (presentación) (presentación)
Hōputu: Pukapuka
Reo:Pāniora
I whakaputaina: Santiago, Chile : Fondo de Cultura Económica, 1994, c1992
Putanga:2a edición
Rangatū:(Tierra Firme. Poetas Chilenos)
Ngā marau:
Ngā Tūtohu: Tāpirihia he Tūtohu
Kāore He Tūtohu, Me noho koe te mea tuatahi ki te tūtohu i tēnei pūkete!

MARC

LEADER 00000nam^a2200000^a^4500
001 000053522
005 20250521000000.0
009 20260310090436.704
020 |a 956-7083-06-1 
037 |a Acervo ITESO - Biblioteca 
041 |a ESP 
082 |a 861.  |b TEI 
100 |a Teillier, Jorge  |e (autor) 
245 1 4 |a Los dominios perdidos /  |b J. Teillier ; selec. de Erwin Díaz ; presen. de E. Llanos Melussa. 
250 |a 2a edición 
264 4 |a Santiago, Chile :  |b Fondo de Cultura Económica,  |c 1994, c1992 
300 |a 180 p. 
336 |a texto  |b txt  |2 rdacontenido 
337 |a sin mediación  |b n  |2 rdamedio 
338 |a volumen  |b nc  |2 rdasoporte 
440 1 |a (Tierra Firme.  |p Poetas Chilenos) 
649 |a XX 
650 |a Poesía Chilena 
650 |a Literatura Chilena -  |y Siglo XX 
700 |a Llanos Melussa, Eduardo  |e (presentación) 
910 |a Fondo General 
920 |a Impresos - Libros 
930 |a Colección General 
940 |a Literatura 
905 |a 101 
901 |a 0500012873  |b IT1  |c LIT  |u 20250521 
902 |a https://opac.biblio.iteso.mx/vufind/Record/000053522